Cities with the most homeless - Statistics

General Stats
  • This quiz has been taken 96 times
    85 since last reset
  • The average score is 20 of 25
Answer Stats
Hint Answer % Correct
3. USA Los Angeles
99%
2. USA New York City
96%
1. Philippines Manila
95%
4. Russia Moscow
94%
5. Mexico Mexico City
93%
21. Brazil Rio de Janeiro
93%
19. Japan Tokyo
93%
25. Portugal Lisbon
91%
8. Argentina Buenos Aires
90%
22. Ireland Dublin
90%
13. Greece Athens
89%
9. Hungary Budapest
88%
6. Indonesia Jakarta
88%
7. India Mumbai
88%
17. Italy Rome
88%
11. USA San Francisco
86%
18. USA Chicago
85%
12. USA Seattle
84%
10. Brazil Sao Paulo
83%
14. USA San Diego
77%
16. USA Washington D.C.
68%
20. USA Baltimore
58%
24. USA Denver
52%
15 USA Tampa
32%
23. USA Indianapolis
26%
No matching quizzes found
Score Distribution
Percent of People with Each Score
Percentile by Number Answered
Your Score History
You have not taken this quiz since the last reset